Statistiche per Elenca la formazione - Quiz n°305

Clicka qui per fare il quiz!

Statistiche generali

  • Questo quiz è stato fatto 3 volte
  • Il punteggio medio è 7 su 11

Statistiche sulle risposte

RuoloClub dell'epocaCalciatore% Corretto
DifensoreAtletico MadridDiego Godín
100%
PortiereGalatasarayFernando Muslera
100%
DifensoreAtletico MadridJosé María Giménez
100%
AttaccanteBarcellonaLuis Suárez
100%
CentrocampistaInterMatías Vecino
100%
AttaccanteGironaCristhian Stuani
67%
CentrocampistaSampdoriaLucas Torreira
67%
DifensoreGenoaDiego Laxalt
33%
DifensoreLazioMartín Cáceres
33%
TrequartistaJuventusRodrigo Bentancur
33%
CentrocampistaBoca JuniorsNahitan Nández
0%

Distribuzione punteggi

Percentile per numero di risposta

Percentuale di utenti per punteggio

I tuoi punteggi nel tempo

Non hai fatto questo quiz